000 00499nam a22001217a 4500
999 _c9796
_d9796
003 OSt
008 201214b ||||| |||| 00| 0 eng d
245 _aIndian Journal of Marketing
250 _a2015(Jan Vol.45 No.1, Feb Vol.45 No.2, Mar Vol.45 No.3, Apr Vol.45 No.4, May Vol.45 No.5, Jun Vol.45 No.6, Jul Vol.45 No.7, Aug Vol.45 No.8, Sep Vol.45 No.9, Oct Vol.45 No.10, Dec Vol.45 No.12)
260 _aNew Delhi
_bAssociated Management Consultants Pvt. Ltd.
650 _aManagement
942 _2ddc
_cBV